header

Every home a distillery (Record no. 108573)

MARC details
000 -LEADER
fixed length control field 03048nam a2200457 a 4500
082 04 - DEWEY DECIMAL CLASSIFICATION NUMBER
Classification number 641.2/1097409033
100 1# - MAIN ENTRY--AUTHOR NAME
Personal name Meacham, Sarah Hand,
245 10 - TITLE STATEMENT
Title Every home a distillery
260 ## - PUBLICATION, DISTRIBUTION, ETC. (IMPRINT)
Place of publication Baltimore :
Name of publisher Johns Hopkins University Press,
Year of publication 2009.
300 ## - PHYSICAL DESCRIPTION
Number of Pages xi, 187 p. :
Other physical details ill.
490 1# - SERIES STATEMENT
Series statement Early America
505 0# - FORMATTED CONTENTS NOTE
Formatted contents note "It was being too abstemious that brought this sickness upon me" : alcoholic beverage consumption in the early Chesapeake -- "They will be adjudged by their drinke, what kind of housewives they are" : gender, technology, and household cidering in England and the Chesapeake, 1690 to 1760 -- "This drink cannot be kept during the summer" : large planters, science, and community networks in the early eighteenth century -- "Anne Howard-- will take in gentlemen" : white middling women and the tavernkeeping trade in colonial Virginia -- "Ladys here all go to market to supply their pantry" : alcohol for sale, 1760 to 1776 -- "Every man his own distiller" : technology, the American Revolution, and the masculinization of alcohol production in the late eighteenth century -- "He is much addicted to strong drinke" : the problem of alcohol -- A few recipes.
650 #0 - SUBJECT ADDED ENTRY--TOPICAL TERM
Topical Term Brewing
Topical Term Distilling industries
Topical Term Housewives
Topical Term Home economics
Topical Term Sex role
Topical Term Social classes
Topical Term Drinking of alcoholic beverages
Topical Term Bars (Drinking establishments)
856 40 - ELECTRONIC LOCATION AND ACCESS
Uniform Resource Identifier http://site.ebrary.com/lib/rucke/Doc?id=10367611

No items available.

© 2026 Rongo University
Contact us: librarian | system librarian | Rongo university